000 01210nam a2200265 i 4500
001 184380
003 ES-MaACL
005 20230906222159.0
008 150731s1985 mx |||| | lat d
080 _a821.124-14"-00"
100 1 _aOvidio Nasón, Publio.
_988013
245 1 0 _aFastos.
_pLibros I-III /
_cPublio Ovidio Nasón ; introducción, versión rítmica y notas de José Quiñones Melgonza.
246 3 1 _aPublii Ovidii Nasonis fastorum.
_pLibri I-III
250 _a1ª ed.
260 _aMéxico, D.F. :
_bUniversidad Nacional Autónoma de México,
_c1985.
300 _aXCVIII, 86 dupl., p. CI-CCXXXIII ;
_c21 cm.
490 1 _aBibliotheca scriptorum graecorum et romanorum mexicana
505 8 _aContiene: Introducción (p. VII-XCVIII) - ;
_tFastos de Ovidio (p. 86 dupl.) - Notas al texto latino (p. CI-CXXXII) - Notas al texto español (p. CXXXIII-CCXXXI)
546 _aTexto paralelo en latín y español.
700 1 _aQuiñones Melgoza, José.
_9157164
710 2 _aUniversidad Nacional Autónoma de México.
_97397
830 0 _aBibliotheca scriptorum graecorum et romanorum mexicana
_9191887
852 _aES-MaACL
_jL-30132
_z.- Donat. Miguel A. Velasco
999 _c184380
_d184380